| 000 | 00754nam a2200193 4500 | ||
|---|---|---|---|
| 001 | 139276 | ||
| 003 | ES-MaACL | ||
| 005 | 20230906195739.0 | ||
| 007 | t| | ||
| 008 | 070214s1962 sp r ||||1| spa d | ||
| 100 | 1 |
_aScoriazza, Emilio. _9104935 |
|
| 245 | 1 | 3 |
_aLa herramienta y factores diversos para la rápida producción / _cEmilio Scoriazza ; [traduccion de la 1ª ed. italiana por Francisco Marigó Botet]. |
| 260 |
_aBarcelona : _bHoepli, _c1962 ( _fAriel) |
||
| 300 |
_aXIII, 243 p. : _bil. ; _c24 cm. |
||
| 500 | _aTít. orig.: L'utensile e fattori diversi per la rapida produzione. | ||
| 710 | 2 |
_aMarigó Botet, Francisco. _95649 |
|
| 740 | 0 | _aL'utensile e fattori diversi per la rapida produzione. | |
| 852 |
_aES-MaACL _jC-21852 _bR.50518 |
||
| 999 |
_c139276 _d139276 |
||